Organisational role stress among women executives in the corporate sector in Punjab (Record no. 61934)

000 -LEADER
fixed length control field 00523pab a2200181 454500
008 - FIXED-LENGTH DATA ELEMENTS--GENERAL INFORMATION
fixed length control field 180718b2004 xxu||||| |||| 00| 0 eng d
100 ## - MAIN ENTRY--PERSONAL NAME
Personal name Goyal, Pratibha
245 ## - TITLE STATEMENT
Title Organisational role stress among women executives in the corporate sector in Punjab
260 ## - PUBLICATION, DISTRIBUTION, ETC.
Date of publication, distribution, etc. 2004
300 ## - PHYSICAL DESCRIPTION
Extent p.66-74.
362 ## - DATES OF PUBLICATION AND/OR SEQUENTIAL DESIGNATION
Dates of publication and/or sequential designation Jun
650 ## - SUBJECT ADDED ENTRY--TOPICAL TERM
Topical term or geographic name entry element Occupational stress - India - Punjab
650 ## - SUBJECT ADDED ENTRY--TOPICAL TERM
Topical term or geographic name entry element Women executives - India - Punjab
650 ## - SUBJECT ADDED ENTRY--TOPICAL TERM
Topical term or geographic name entry element Women executives
700 ## - ADDED ENTRY--PERSONAL NAME
Personal name Nadeem, Zahid
773 ## - HOST ITEM ENTRY
Main entry heading Social Change
909 ## -
-- 61934
Holdings
Withdrawn status Lost status Damaged status Not for loan Permanent Location Current Location Date acquired Serial Enumeration / chronology Barcode Date last seen Price effective from Koha item type
        Indian Institute of Public Administration Indian Institute of Public Administration 2018-07-19 Volume no: 34, Issue no: 2 AR62384 2018-07-19 2018-07-19 Articles

Powered by Koha